[Event "Niedersachsen-ch U18"]
[Site "Borkum"]
[Date "2004.04.09"]
[Round "9"]
[White "Konrad, Maximilian"]
[Black "Tebelmann, Lars"]
[Result "0-1"]
[WhiteElo "1608"]
[BlackElo "1832"]
[PlyCount "70"]
[EventDate "2004.04.??"]
[EventType "swiss"]
[EventRounds "9"]
[EventCountry "GER"]
[SourceTitle "EXT 2005"]
[Source "ChessBase"]
[SourceDate "2004.11.15"]
[SourceVersion "1"]
[SourceVersionDate "2004.11.15"]
[SourceQuality "1"]

1. e4 c5 2. Nf3 Nc6 3. d4 cxd4 4. Nxd4 Nf6 5. Nc3 e5 6. Ndb5 d6 7. Nd5 Nxd5 8. exd5 Nb8 9. a4 a6 10. Na3 Be7 11. Be2 0-0 12. 0-0 f5 13. f4 Nd7 14. Nc4 exf4 15. Bxf4 Rb8 16. a5 Qc7 17. Ra3 b5 18. axb6 Nxb6 19. Rc3 Na4 20. Ra3 Nxb2 21. Nxb2 Rxb2 22. Kh1 Rxc2 23. Bxa6 Bxa6 24. Rxa6 Rc8 25. h3 Qc4 26. Ra1 Qe2 27. Qxe2 Rxe2 28. Rac1 Rxc1 29. Rxc1 g5 30. Bg3 Rd2 31. Rc8+ Kg7 32. Rc7 Kf6 33. h4 h6 34. hxg5+ hxg5 35. Kh2 Rxd5 0-1

[Event "GER-chT U16"]
[Site "Greifswald"]
[Date "2003.12.30"]
[Round "7.4"]
[White "Kanevski, Vladyslav"]
[Black "Konrad, Maximilian"]
[Result "1-0"]
[WhiteElo "1672"]
[BlackElo "1644"]
[PlyCount "157"]
[EventDate "2003.12.27"]
[EventType "team-swiss"]
[EventRounds "7"]
[EventCountry "GER"]
[SourceTitle "EXT 2022"]
[Source "ChessBase"]
[SourceDate "2021.10.06"]
[SourceVersion "1"]
[SourceVersionDate "2021.10.06"]
[SourceQuality "1"]
[WhiteTeam "Koeln Muelheim U16"]
[BlackTeam "Wilhelmshaven U16"]
[WhiteTeamCountry "GER"]
[BlackTeamCountry "GER"]

1. d4 d5 2. Nf3 c6 3. Bf4 e6 4. e3 f5 5. Ne5 Nf6 6. Nd2 Be7 7. Bd3 0-0 8. 0-0 Nbd7 9. Ndf3 Ne4 10. Nxd7 Bxd7 11. Ne5 Be8 12. f3 Bh5 13. c3 c5 14. Be2 Nf6 15. Qc2 cxd4 16. exd4 Rc8 17. Bd3 Nd7 18. Rfe1 a6 19. Qe2 Nxe5 20. Qxe5 Rc6 21. Qe2 Qd7 22. Qd2 Rfc8 23. Qe2 b5 24. Bxf5 Bf7 25. Bd3 Qa7 26. a3 Re8 27. Qf2 Qb6 28. Be5 Qd8 29. Qg3 g6 30. Qg4 Bf6 31. f4 Kh8 32. Re3 Bxe5 33. fxe5 Rc7 34. Rh3 Rg8 35. Rf1 Rg7 36. Rf6 Qe8 37. Rhf3 a5 38. Qh4 Kg8 39. Qf2 Qd7 40. Kh1 Qe8 41. h4 g5 42. hxg5 Rxg5 43. Rg3 Rxg3 44. Qxg3+ Kh8 45. Rh6 Bg8 46. Qh4 b4 47. axb4 axb4 48. Qf6+ Rg7 49. Rh3 bxc3 50. bxc3 Qa4 51. Rg3 Qd1+ 52. Bf1 Qxf1+ 53. Qxf1 Rxg3 54. Qf6+ Rg7 55. Kg1 Bf7 56. Kf2 h5 57. Ke3 Kh7 58. Qf2 Bg6 59. g3 Rf7 60. Qe2 Kh6 61. Kd2 Rc7 62. g4 Ra7 63. Qe3+ Kh7 64. gxh5 Ra2+ 65. Ke1 Ra1+ 66. Kf2 Ra2+ 67. Kg3 Be4 68. c4 Rg2+ 69. Kf4 Kh6 70. cxd5 exd5 71. e6 Kxh5 72. Qh3+ Kg6 73. e7 Rf2+ 74. Ke3 Kf7 75. Qd7 Rf3+ 76. Ke2 Kg6 77. e8Q+ Kg5 78. Qg7+ Kf5 79. Qef7# 1-0

[Event "GER-chT U16"]
[Site "Greifswald"]
[Date "2003.12.28"]
[Round "4.4"]
[White "Kirch, Daniel"]
[Black "Konrad, Maximilian"]
[Result "0-1"]
[WhiteElo "2016"]
[BlackElo "1644"]
[PlyCount "68"]
[EventDate "2003.12.27"]
[EventType "team-swiss"]
[EventRounds "7"]
[EventCountry "GER"]
[SourceTitle "EXT 2022"]
[Source "ChessBase"]
[SourceDate "2021.10.06"]
[SourceVersion "1"]
[SourceVersionDate "2021.10.06"]
[SourceQuality "1"]
[WhiteTeam "Grossenseebach U16"]
[BlackTeam "Wilhelmshaven U16"]
[WhiteTeamCountry "GER"]
[BlackTeamCountry "GER"]

1. d4 d5 2. c4 e6 3. Nc3 c6 4. Nf3 f5 5. Bf4 Nf6 6. e3 Be7 7. Qc2 0-0 8. Bd3 Ne4 9. a3 Nd7 10. Ne5 Nxe5 11. Bxe5 Bd7 12. b4 Bf6 13. Bxf6 Qxf6 14. c5 e5 15. Bxe4 fxe4 16. dxe5 Qxe5 17. 0-0-0 b6 18. Rd4 bxc5 19. bxc5 Rab8 20. h3 Rb7 21. Rb4 Rxb4 22. axb4 Rb8 23. Qb3 Be6 24. Qa3 d4 25. exd4 Qxd4 26. Rd1 Qc4 27. Kc2 Rxb4 28. Rd8+ Kf7 29. Qxa7+ Kf6 30. Qa3 Qxc5 31. Kd1 Rd4+ 32. Rxd4 Qxa3 33. Kc2 Qb3+ 34. Kd2 Qb2+ 0-1

[Event "GER-chT U16"]
[Site "Greifswald"]
[Date "2003.12.28"]
[Round "3.4"]
[White "Konrad, Maximilian"]
[Black "Laake, Jasmin Maria"]
[Result "0-1"]
[WhiteElo "1644"]
[BlackElo "1975"]
[PlyCount "102"]
[EventDate "2003.12.27"]
[EventType "team-swiss"]
[EventRounds "7"]
[EventCountry "GER"]
[SourceTitle "EXT 2022"]
[Source "ChessBase"]
[SourceDate "2021.10.06"]
[SourceVersion "1"]
[SourceVersionDate "2021.10.06"]
[SourceQuality "1"]
[WhiteTeam "Wilhelmshaven U16"]
[BlackTeam "Hannover Post U16"]
[WhiteTeamCountry "GER"]
[BlackTeamCountry "GER"]

1. e4 c5 2. Nf3 d6 3. d4 cxd4 4. Nxd4 Nf6 5. Nc3 a6 6. f3 e5 7. Nb3 Be7 8. Be2 Be6 9. Nd5 Bxd5 10. exd5 Nbd7 11. Be3 b5 12. c4 bxc4 13. Bxc4 Nb6 14. Rc1 0-0 15. 0-0 a5 16. Qd3 Nxc4 17. Rxc4 a4 18. Nd2 Ra5 19. Ne4 Nxd5 20. Bd2 Qb6+ 21. Kh1 Rb5 22. Rxa4 f5 23. Nc3 Nxc3 24. Bxc3 Bf6 25. Qxf5 d5 26. b3 Qc6 27. Bb2 Rc5 28. Ba3 Rc8 29. Bxc5 Qxc5 30. Qd3 Rd8 31. Qd2 d4 32. Rc4 Qb6 33. Rfc1 d3 34. b4 h6 35. h4 Rd4 36. a4 Bxh4 37. a5 Qd6 38. Rc6 Qd7 39. Rc7 Qa4 40. f4 e4 41. R1c4 Rxc4 42. Rxc4 Qa1+ 43. Kh2 Be1 44. Qe3 d2 45. Rc8+ Kf7 46. Qa7+ Kg6 47. Rf8 Kh5 48. Qf7+ Kh4 49. Qe7+ g5 50. g4 Bg3+ 51. Kg2 Qf1+ 0-1

[Event "GER-chT U16"]
[Site "Verden"]
[Date "2003.07.06"]
[Round "3.4"]
[White "Wall, Max"]
[Black "Konrad, Maximilian"]
[Result "0-1"]
[WhiteElo "1551"]
[BlackElo "1557"]
[PlyCount "62"]
[EventDate "2003.07.05"]
[EventType "team"]
[EventRounds "7"]
[EventCountry "GER"]
[SourceTitle "EXT 2005"]
[Source "ChessBase"]
[SourceDate "2004.11.15"]
[SourceVersion "1"]
[SourceVersionDate "2004.11.15"]
[SourceQuality "1"]

1. e4 d5 2. exd5 Nf6 3. Bb5+ Bd7 4. Bc4 g6 5. Nf3 Bg7 6. Nc3 0-0 7. 0-0 Bg4 8. h3 Bxf3 9. Qxf3 Nbd7 10. d4 Nb6 11. Bb3 Qd7 12. Bf4 Rad8 13. Rfe1 Rfe8 14. d6 cxd6 15. Rad1 Rc8 16. Re2 a6 17. Qd3 Rc7 18. Rde1 Qc8 19. Ne4 Nxe4 20. Rxe4 Nc4 21. Bxc4 Rxc4 22. c3 e5 23. dxe5 Rxe4 24. Rxe4 dxe5 25. Qe3 f5 26. Rb4 exf4 27. Qa7 Re7 28. Qb6 Qc6 29. Qd8+ Re8 30. Qd2 a5 31. Rxf4 Bh6 0-1

[Event "Niedersachsen-chT U16"]
[Site "Verden"]
[Date "2002.06.17"]
[Round "5.1"]
[White "Konrad, Maximilian"]
[Black "Heese, Dennis"]
[Result "1-0"]
[WhiteElo "1510"]
[BlackElo "1306"]
[PlyCount "57"]
[EventDate "2002.06.15"]
[EventType "team-tourn"]
[EventRounds "7"]
[EventCountry "GER"]
[SourceTitle "EXT 2003"]
[Source "ChessBase"]
[SourceDate "2002.11.25"]
[SourceVersion "1"]
[SourceVersionDate "2002.11.25"]
[SourceQuality "1"]

1. d4 d6 2. c4 Nd7 3. Nf3 g6 4. Nc3 Bg7 5. e4 Ngf6 6. Bd3 0-0 7. 0-0 c5 8. d5 Ne5 9. Nxe5 dxe5 10. f4 Bg4 11. Qe1 exf4 12. Bxf4 Bc8 13. h3 Nh5 14. Be3 b6 15. Qd2 e6 16. Bh6 Bd4+ 17. Be3 Bxe3+ 18. Qxe3 e5 19. Ne2 Ng7 20. Rf2 f5 21. exf5 Nxf5 22. Qxe5 Re8 23. Qf4 Re3 24. Bxf5 Rxe2 25. Rxe2 Bxf5 26. Rae1 Bd7 27. Re7 Qf8 28. Qxf8+ Kxf8 29. Rxd7 1-0

[Event "Niedersachsen-chT U14"]
[Site "Verden"]
[Date "2001.05.27"]
[Round "7.4"]
[White "Konrad, Maximilian"]
[Black "Juenemann, Marcel"]
[Result "1-0"]
[WhiteElo "1083"]
[BlackElo "1141"]
[PlyCount "97"]
[EventDate "2001.05.??"]
[EventType "team-tourn"]
[EventRounds "7"]
[EventCountry "GER"]
[SourceTitle "EXT 2003"]
[Source "ChessBase"]
[SourceDate "2002.11.25"]
[SourceVersion "1"]
[SourceVersionDate "2002.11.25"]
[SourceQuality "1"]

1. d4 d5 2. Nf3 Nf6 3. e3 g6 4. c4 e6 5. Nc3 Bg7 6. Bd2 0-0 7. Bd3 Bd7 8. 0-0 c5 9. cxd5 exd5 10. dxc5 Qa5 11. Rc1 Qxc5 12. Nb5 Qb6 13. Nc7 Nc6 14. Nxa8 Rxa8 15. Qb3 Qxb3 16. axb3 Ne4 17. Bc3 Nxc3 18. bxc3 Rc8 19. Nd4 Na5 20. c4 Bxd4 21. exd4 Nxb3 22. Rc3 Nxd4 23. Rb1 dxc4 24. Rxc4 Rxc4 25. Bxc4 Bc6 26. Rd1 Nc2 27. Bd5 Bxd5 28. Rxd5 Nb4 29. Rb5 Nc6 30. Rxb7 a5 31. Rb6 Nb4 32. Rb5 Nc6 33. Rc5 Nd4 34. Rxa5 f5 35. Rd5 Nb3 36. Kf1 Kf7 37. Rd7+ Kg8 38. Ke2 Nc5 39. Ra7 Ne6 40. Ke3 h6 41. Re7 Ng7 42. Kf4 g5+ 43. Ke5 f4 44. Kf6 Nh5+ 45. Kg6 Kf8 46. Rh7 f3 47. g3 Kg8 48. Rd7 Nxg3 49. Rd8# 1-0

[Event "Niedersachsen-chT U14"]
[Site "Rotenburg"]
[Date "2000.06.17"]
[Round "3.3"]
[White "Muth, Tamino"]
[Black "Konrad, Maximilian"]
[Result "1/2-1/2"]
[WhiteElo "1414"]
[BlackElo "603"]
[PlyCount "130"]
[EventDate "2000.06.16"]
[EventType "team-tourn"]
[EventRounds "7"]
[EventCountry "GER"]
[SourceTitle "EXT 2003"]
[Source "ChessBase"]
[SourceDate "2002.11.25"]
[SourceVersion "1"]
[SourceVersionDate "2002.11.25"]
[SourceQuality "1"]

1. e4 d5 2. exd5 Qxd5 3. Nc3 Qa5 4. d4 Nf6 5. Bf4 Bg4 6. Qd3 c6 7. g3 e6 8. Bg2 Bb4 9. Nf3 Bxc3+ 10. Qxc3 Qxc3+ 11. bxc3 Nbd7 12. 0-0 0-0 13. Rab1 Nb6 14. Nd2 Nfd5 15. c4 Nxf4 16. gxf4 Rab8 17. c5 Nd5 18. Bxd5 exd5 19. Rfe1 Bh3 20. c4 Rfe8 21. cxd5 cxd5 22. Nf3 Kf8 23. Ng5 Bf5 24. Rbc1 Rbc8 25. h4 h6 26. Nf3 f6 27. a4 a5 28. Nd2 Bd7 29. Nb3 Bxa4 30. Nxa5 Bc6 31. Rb1 Rc7 32. Rxe8+ Kxe8 33. Nxc6 bxc6 34. Kg2 Kf7 35. f5 g5 36. hxg5 fxg5 37. Kg3 Kf6 38. Kg4 Re7 39. Rb6 Re4+ 40. Kg3 Rxd4 41. Rxc6+ Kxf5 42. Rxh6 Rc4 43. c6 d4 44. f3 Rc2 45. Rd6 Ke5 46. Rg6 d3 47. Rxg5+ Kd6 48. Rg8 Kxc6 49. Rd8 d2 50. f4 Rc3+ 51. Kf2 Rc4 52. Ke3 Rc2 53. f5 Rc3+ 54. Kxd2 Rf3 55. Rf8 Kd7 56. Ke2 Rf4 57. Ke3 Rf1 58. Ke4 Re1+ 59. Kf4 Rf1+ 60. Kg5 Ke7 61. Rh8 Rg1+ 62. Kh6 Rh1+ 63. Kg7 Rxh8 64. f6+ Ke6 65. Kxh8 Kxf6 1/2-1/2